| 000 | 00976nam a22003137a 4500 | ||
|---|---|---|---|
| 003 | CHAP | ||
| 005 | 20220329134943.0 | ||
| 008 | 971013s1964 r 00010 d | ||
| 010 | _a28613 | ||
| 011 | _a29585 | ||
| 035 | _a33696 | ||
| 040 | _cCHAP | ||
| 082 |
_a371.3 _bK65Y |
||
| 100 | 0 | 0 |
_aKonstantinov, N. A. _963701 |
| 245 |
_aProblemas fundamentales de la pedagogía _b: conferencias para estudiantes universitarios |
||
| 260 |
_aLa Habana : _bEd. Nacional de Cuba, _c1964 |
||
| 300 | _a539 p. | ||
| 590 |
_aBATCH-UPD _b10 _c20130110 _lUCH01 _h1800 |
||
| 590 |
_aBATCH-UPD _b10 _c20130410 _lUCH01 _h1136 |
||
| 590 |
_aBATCH-UPD _b10 _c20130914 _lUCH01 _h1236 |
||
| 590 |
_aCONVERSION _b10 _c20130109 _lUCH01 _h1316 |
||
| 650 | 1 | 4 |
_aEducación. _935409 |
| 650 | 1 | 4 |
_aEnseñanza. _937085 |
| 700 | 0 |
_aSavich, A. L. _9102787 |
|
| 700 | 0 |
_aSmirnov, M. T. _9106934 |
|
| 901 | _aBK | ||
| 942 | _cLIBRO | ||
| 949 |
_a371.3 K65Y _bBC _cLIBRO _d33724000144820 _eLIBRO _h64240 _i33696 _si |
||
| 999 |
_c28613 _d28613 |
||